Statystyki dla 2- Dom i miasto: część 4/4

Kliknij tutaj aby rozwiązać quiz!

Ogólne statystyki

  • Ten quiz został rozwiązany 4 razy
  • Średni wynik to 2 z 9

Statystyki odpowiedzi

HintOdpowiedź% Poprawnych
Gdzie mieszkasz?Where do you live
75%
Jak duże jest twoje mieszkanie?How big is your flat
50%
Jak daleko jest twój dom od dworca kolejowego?How far is your house from the train station
25%
Ile pokoi jest w twoim domu?How many rooms are there in your house
0%
Co jest w Twoim pokoju?What is there in your room
0%
Co jest w twoim mieście?What is there in your town
0%
W jakim typie domu mieszkasz?What type of house do you live in
0%
Na którym piętrze jest Twoje mieszkanie?Which floor is your flat on
0%
Kto zajmuje się domem w twojej rodzinie?Who does the housework in your family
0%

Rozkład punktacji

Percentyl według liczby udzielonych odpowiedzi

Procent ludzi z każdym wynikiem

Twoja historia wyników

Nie rozwiązałeś tego quizu